|
|
|
|
| LEADER |
00000nam0a2200000 4500 |
| 001 |
278266 |
| 005 |
20231101235109.0 |
| 035 |
|
|
|a (RuTPU)RU\TPU\book\301543
|
| 090 |
|
|
|a 278266
|
| 100 |
|
|
|a 20141210d1986 m y0rusy50 ca
|
| 101 |
0 |
|
|a rus
|
| 102 |
|
|
|a UA
|
| 105 |
|
|
|a y z 001zy
|
| 200 |
1 |
|
|a Неотомизм - философия псевдорационализма
|f Н. Д. Коротков
|
| 210 |
|
|
|a Киев
|c Вища школа
|d 1986
|
| 215 |
|
|
|a 81 с.
|
| 225 |
1 |
|
|a Атеистическая библиотечка студента
|
| 320 |
|
|
|a Библиогр.: с. 79-80
|
| 606 |
1 |
|
|a Личность и религия
|2 stltpush
|3 (RuTPU)RU\TPU\subj\40540
|9 60386
|
| 606 |
1 |
|
|a Неотомизм
|x Философия
|2 stltpush
|3 (RuTPU)RU\TPU\subj\45483
|9 64688
|
| 610 |
1 |
|
|a рационализм
|
| 610 |
1 |
|
|a религиозная вера
|
| 610 |
1 |
|
|a анализ
|
| 610 |
1 |
|
|a разум
|
| 610 |
1 |
|
|a религиозное мировоззрение
|
| 610 |
1 |
|
|a теология
|
| 610 |
1 |
|
|a сущность
|
| 686 |
|
|
|a Э211
|v LBC/SL-A
|2 rubbk
|
| 686 |
|
|
|a Ю3(0)6-678
|v LBC/SL-A
|2 rubbk
|
| 700 |
|
1 |
|a Коротков
|b Н. Д.
|g Николай Дмитриевич
|
| 801 |
|
1 |
|a RU
|b 63413507
|c 20141210
|
| 801 |
|
2 |
|a RU
|b 63413507
|c 20160516
|g RCR
|
| 942 |
|
|
|c BK
|